Loading...
History - American History | 2 | 3 | 0 | 2 | 60 | 73 | 114.60 | 0 | 2 |
Philosophy | 1 | 3 | 1 | 0 | 40 | 69 | 121.50 | 0 | 2 |
Social Science | 2 | 1 | 1 | 0 | 35 | 35 | 70.33 | 2 | 2 |
Literature - World Literature | 1 | 1 | 0 | 0 | 25 | 90 | 95.00 | 0 | 1 |
Other Academic | 2 | 0 | 1 | 0 | 25 | 12 | 17.50 | 2 | 2 |
Literature - British Literature | 1 | 1 | 0 | 0 | 25 | 84 | 96.50 | 0 | 1 |
Mythology | 0 | 2 | 0 | 0 | 20 | 130 | 136.50 | 0 | 0 |
History - World History | 0 | 2 | 0 | 1 | 20 | 130 | 136.00 | 0 | 0 |
Modern World | 0 | 1 | 0 | 0 | 10 | 86 | 86.00 | 1 | 1 |
Science - Biology | 0 | 1 | 0 | 0 | 10 | 131 | 131.00 | 0 | 0 |
Science - Physics | 0 | 1 | 0 | 1 | 10 | 147 | 147.00 | 0 | 0 |
Literature - European Literature | 0 | 1 | 1 | 1 | 5 | 147 | 147.00 | 0 | 0 |
Literature - American Literature | 0 | 0 | 1 | 0 | -5 | 0.00 | 0 | 0 | |
Other Science (Math) | 0 | 0 | 1 | 0 | -5 | 0.00 | 0 | 0 | |
Religion | 0 | 0 | 1 | 0 | -5 | 0.00 | 0 | 0 | |
Science - Chemistry | 0 | 0 | 1 | 0 | -5 | 0.00 | 0 | 0 | |
Fine Arts - Other Arts | 0 | 0 | 2 | 0 | -10 | 0.00 | 0 | 0 |